000 00229nam a22000977a 4500
003 SGT
245 _aINDIAN JOURNAL OF PHARMACY & PHARMACOLOGY
260 _aNEW DELHI
_bINNOVATIVE PUBLICATION
_c2016
310 _a1-4
942 _2ddc
_cBV
999 _c24200
_d24200